• 首页
  • 本馆介绍
  • 公告通知
  • 最新文献
  • 馆藏检索
  • 电子资源
  • 读者导购
  • 参考咨询
  • 我的图书馆
  • 登录
  • 详细信息显示
  • 放入我的书架
  • 预约/预借图书
  • 作者相关作品
  • 分类相关作品
  • 丛书相关作品
  • 出版社相关作品

书目信息

  • 表格格式
  • 工作单格式
  • 卡片格式
题名:
博格长赢投资之道
    
 
作者: 博格 著 ;李耀廷 译
分册:  
出版信息: 北京   中国人民大学出版社  2009
页数: 190页
开本: 24cm
丛书名:
单 册:
中图分类: F830.59-49
科图分类:
主题词: 金融投资--个人理财 , 金融投资 , 个人理财
电子资源:
ISBN: 978-7-300-10567-3
000 00991nam0 2200277 45
001 1029955007
005 20100428150702.65
010    @a978-7-300-10567-3@dCNY36.00
100    @a20100420d2009 em y0chiy0110 ea
101 1  @achi@ceng
102    @aCN@b110000
105    @ay z 000yy
106    @ar
200 1  @a博格长赢投资之道@ABo Ge Chang Ying Tou Zi Zhi Dao@dTrue Measures of Money,Business,and Life@f(美) 约翰·博格(John,C.Bogle)著@F( Mei ) Yue Han· Bo Ge (John,C.Bogle) Zhu@g李耀廷译@zeng
210    @a北京@c中国人民大学出版社@d2009
215    @a190页@d24cm
330    @a本书共分三部分,内容包括:赢家的博弈、重新打造共同基金业、华尔街的良心。
510 1  @aTrue Measures of Money,Business,and Life@zeng
606 0  @a金融投资@x个人理财
606 0  @a金融投资
606 0  @a个人理财
690    @aF830.59-49@v4
701  1 @a博格@ABo Ge@g(John.C.Bogle)@4著
702  0 @a李耀廷@ALi Yao Ting@4译
801  0 @aCN@bTANGWEI@c20100428
905    @b0594801-05@dF830.59-49@e195@f5
    
    博格长赢投资之道=True Measures of Money,Business,and Life/(美) 约翰·博格(John,C.Bogle)著/李耀廷译.-北京:中国人民大学出版社,2009
    190页;24cm
    
    
    ISBN 978-7-300-10567-3:CNY36.00
    本书共分三部分,内容包括:赢家的博弈、重新打造共同基金业、华尔街的良心。
●
相关链接 在E读中查询图书 在五车中查询图书 在当当中查询图书 在豆瓣中查询图书


正题名:博格长赢投资之道     索取号:F830.59-49/195         预约/预借

序号 登录号 条形码 馆藏地/架位号 状态 备注
1 0594801   205948019   第一样本阅览室/ [索取号:F830.59-49/195] 在馆    
2 0594802   205948028   第一借阅区/ [索取号:F830.59-49/195] 在馆    
3 0594803   205948037   第一借阅区/ [索取号:F830.59-49/195] 在馆    
4 0594804   205948046   第一借阅区/ [索取号:F830.59-49/195] 在馆    
5 0594805   205948055   第一借阅区/ [索取号:F830.59-49/195] 在馆    
欢迎您!
大连网信软件有限公司© 版权所有